| 000 | 00922 a2200253 4500 | ||
|---|---|---|---|
| 999 |
_c2801 _d2801 |
||
| 020 | _a9781473906945 | ||
| 050 | 0 | 0 | _aLB 1139.23 GUI 2016 |
| 100 |
_aWyse, Dominic _eEditor |
||
| 245 | 0 | 2 |
_aA guide to early years & primary teaching / _cedited by Dominic Wyse & Sue Rogers |
| 264 | 1 |
_aLos Angeles: _bSAGE, _c2016 |
|
| 300 |
_axvi, 353p. : _bill. |
||
| 500 | _aIncludes bibliographical references and index. | ||
| 504 | _aIncludes bibliographical references and index. | ||
| 650 | 0 | _aFirst year teachers. | |
| 650 | 0 | _aElementary school teachers. | |
| 650 | 0 | _aStudent teachers. | |
| 650 | 7 | _aElementary school teachers. | |
| 650 | 7 | _aFirst year teachers. | |
| 650 | 7 | _aStudent teachers. | |
| 700 | 1 |
_aRogers, Sue _eEditor. |
|
| 942 |
_2lcc _cBK _h1139.23 _iEAR _kLB |
||